000 01643nam a2200277Ia 4500
001 18396
003 GE_BSU
008 181216s||||||||xx |||||||||||||| ||und||
020 _a9994074539
040 _cGE_BSU
080 _a070.11
245 _aგემოვნება, ბავშვთა უსაფრთხოება, სარედაქციო დამოუკიდებლობა, შემოქმედებითობა, მიუკერძოებლობა, სამართლიანობა, საიდუმლოება.
245 _bპროდიუსერთა სახელმძღვანელო. BBC ღირებულებები და სტანდარტები
245 _cწიგნზე მუშაობდნენ: შ.ჩხაიძე, ე. ჭავჭავაძე, კ.ჭაბაშვილი და სხვა
260 _aთბილისი
260 _bარეტე
260 _c2004
300 _a362გვ. ; 18სმ.
541 _h32ლ.
653 _aBBC ღირებულებები და სტანდარტები
653 _aგემოვნება, ბავშვთა უსაფრთხოება, სარედაქციო დამოუკიდებლობა, შემოქმედებითობა,
653 _aმედია
653 _aმიუკერძოებლობა, სამართლიანობა, საიდუმლოება
653 _aპროდიუსერთა სახ-ლო
942 _cBK
999 _c51411
_d51411